| 000 | 00630nam a2200181 4500 | ||
|---|---|---|---|
| 001 | 135824 | ||
| 003 | ES-MaACL | ||
| 005 | 20231227204705.0 | ||
| 007 | t| | ||
| 008 | 070214s1956 sp r ||||1| spa d | ||
| 100 | 1 |
_aRuiz Bazaga, Rosendo. _9100668 |
|
| 245 | 1 | 0 |
_aFrutos en sazón _b: versos de la experiencia / _cRosendo Ruiz Bazaga ; con un prólogo de Alfredo Marquerie y algunas opiniones. |
| 260 |
_aMadrid : _b[s. n.], _c1956 ( _fArtes Gráf. Helénicas) |
||
| 300 |
_a184 p. ; _c18 cm. |
||
| 700 | 1 |
_aMarquerie, Alfredo, _d1907-1974 _976973 |
|
| 852 |
_aES-MaACL _jC-12122 _bR.38695 |
||
| 999 |
_c135824 _d135824 |
||